Veinte himnos sacros de los nahuas (Registro nro. 46097)

Detalles MARC
001 - NÚMERO DE CONTROL
campo de control 15709
005 - FECHA Y HORA DE LA ÚLTIMA TRANSACCIÓN
campo de control 20260504075127.0
008 - DATOS DE LONGITUD FIJA--INFORMACIÓN GENERAL
campo de control de longitud fija 960313s1958 spa
035 ## - NÚMERO DE CONTROL DEL SISTEMA
Número de control de sistema 15709
035 ## - NÚMERO DE CONTROL DEL SISTEMA
Número de control de sistema (OCoLC)503240248
040 ## - FUENTE DE LA CATALOGACIÓN
Centro/agencia transcriptor comduadb
041 ## - CÓDIGO DE LENGUA
Código de lengua del texto/banda sonora o título independiente spa
082 #4 - NÚMERO DE LA CLASIFICACIÓN DECIMAL DEWEY
Número de clasificación 898
100 10 - ENTRADA PRINCIPAL--NOMBRE DE PERSONA
Nombre de persona Garibay Kintana, Ángel María,
Fechas asociadas al nombre 1892-1967
Código de función aut
Número de control del registro de autoridad o número normalizado (isni)0000 0001 2279 1091
-- (viaf)44346823
Término indicativo de función/relación Autor/a
9 (RLIN) 629105
245 10 - MENCIÓN DE TÍTULO
Título Veinte himnos sacros de los nahuas
250 ## - MENCIÓN DE EDICIÓN
Mención de edición 01.ED
260 ## - PUBLICACIÓN, DISTRIBUCIÓN, ETC.
Lugar de publicación, distribución, etc. México :
Nombre del editor, distribuidor, etc. Universidad Nacional Autónoma de México (UNAM),
Fecha de publicación, distribución, etc. 1958.
300 ## - DESCRIPCIÓN FÍSICA
Extensión 277 páginas
650 #7 - PUNTO DE ACCESO ADICIONAL DE MATERIA--TÉRMINO DE MATERIA
Término de materia o nombre geográfico como elemento de entrada Literatura indígena
Fuente del encabezamiento o término lemb
9 (RLIN) 2578
700 10 - ENTRADA AGREGADA--NOMBRE PERSONAL
Nombre de persona Sahagun, Bernardino de
Código de función aut
Término indicativo de función/relación Autor/a
9 (RLIN) 241459
942 ## - ELEMENTOS DE ENTRADA AGREGADA (KOHA)
Tipo de ítem Koha Libros
Existencias
Estado de retiro Estado de pérdida Estado dañado No para préstamo Código de colección Localización permanente Ubicación/localización actual Fecha de adquisición Número de inventario Total de préstamos Signatura topográfica completa Código de barras Fecha visto por última vez Número de copia Precio válido a partir de Tipo de ítem Koha
        Colección de Literatura (Piso 1) Biblioteca Carlos Gaviria Díaz, Campus Medellín Biblioteca Carlos Gaviria Díaz, Campus Medellín 06/05/1998 C18717   898 V427 61000002187348 21/04/2023 1 21/04/2023 Libros